| 000 | 00645nam a2200217 a 4500 | ||
|---|---|---|---|
| 001 | 2081106 | ||
| 003 | OSt | ||
| 005 | 20140520213009.0 | ||
| 008 | 941020s1993 slv spa | ||
| 040 |
_aDLC _cBMC |
||
| 082 | _a972.8405 | ||
| 082 | _a302.7284 | ||
| 245 | 0 | 0 |
_aTradición y modernidad en El Salvador _cStefan Roggenbuck (ed.) ; [autores, Francisco Díaz ... et al.] |
| 260 |
_aSan Salvador _bEpoca _c1993 |
||
| 300 |
_a139 p. _c21 cm |
||
| 651 | 4 |
_aEl Salvador _xSituación social _94549 |
|
| 651 | 4 |
_95370 _aEl Salvador _xHistoria _yS.XX |
|
| 700 | 1 |
_99455 _aDíaz, Francisco |
|
| 700 | 1 |
_95317 _aRoggenbuck, Stefan |
|
| 942 |
_2ddc _cBK |
||
| 999 |
_c4192 _d4192 |
||